Carsberg review of residential property (Record no. 107789)
[ view plain ]
| 000 -LEADER | |
|---|---|
| fixed length control field | 00987cad a22001935a 4500 |
| 008 - FIXED-LENGTH DATA ELEMENTS--GENERAL INFORMATION | |
| fixed length control field | 080111e20071011xxk f 000 0 eng d |
| 041 0# - LANGUAGE CODE | |
| Language code of text/sound track or separate title | eng |
| 050 04 - LIBRARY OF CONGRESS CALL NUMBER | |
| Classification number | 333.33 $2 18 |
| 110 2# - MAIN ENTRY--CORPORATE NAME | |
| Corporate name or jurisdiction name as entry element | Carsberg, Bryan Victor |
| Location of meeting | Sir |
| Date of meeting or treaty signing | 1939- |
| 245 00 - TITLE STATEMENT | |
| Title | Carsberg review of residential property |
| Remainder of title | standards, regulation, redress and competition in the 21st century - a consultation paper |
| 260 ## - PUBLICATION, DISTRIBUTION, ETC. | |
| Place of publication, distribution, etc. | London, |
| Name of publisher, distributor, etc. | RICS, |
| Date of publication, distribution, etc. | October 2007 |
| 300 ## - PHYSICAL DESCRIPTION | |
| Extent | 29p. |
| 520 ## - SUMMARY, ETC. | |
| Summary, etc. | Consultation paper for the Carsberg Review of Residential Property, sponsored by RICS, NAEA and ARLA. The Review aims to report on standards, regulation and redress. It will consider the broad implications of the institutional structures for property transactions. Sets out key considerations within the area for consultation. The deadline for responses was 7 January 2008. |
| 521 2# - TARGET AUDIENCE NOTE | |
| Target audience note | Advanced |
| 590 ## - LOCAL NOTE (RLIN) | |
| Local note | KA |
| 651 #4 - SUBJECT ADDED ENTRY--GEOGRAPHIC NAME | |
| Geographic name | United Kingdom |
| 690 ## - LOCAL SUBJECT ADDED ENTRY--TOPICAL TERM (OCLC, RLIN) | |
| Topical term or geographic name as entry element | PROPERTY-RESIDENTIAL PROPERTY-RESIDENTIAL PROPERTY MARKET |
| 942 ## - ADDED ENTRY ELEMENTS (KOHA) | |
| Suppress in OPAC | 0 |
| Source of classification or shelving scheme | Dewey Decimal Classification |
| Withdrawn status | Lost status | Source of classification or shelving scheme | Damaged status | Not for loan | Home library | Current library | Shelving location | Date acquired | Total Checkouts | Full call number | Date last seen | Copy number | Price effective from | Koha item type |
|---|---|---|---|---|---|---|---|---|---|---|---|---|---|---|
| Dewey Decimal Classification | Archives | Archives | RICS Boxes | 11/01/2008 | RICS 2007/85 | 25/06/2025 | 1 | 06/08/2019 | Book |